Ba trăm lẻ một câu đàm thoại tiếng phổ thông Trung Quốc

Zapisane w:
Opis bibliograficzny
Kolejni autorzy: Hồng Hải (Dịch)
Format: Książka
Język:Vietnamese
Wydane: Tp.Hồ Chí Minh Tp.Hồ Chí Minh 1993
Hasła przedmiotowe:
Etykiety: Dodaj etykietę
Nie ma etykietki, Dołącz pierwszą etykiete!
Thư viện lưu trữ: Mạng thư viện Đại học Đà Nẵng
LEADER 01020nam a2200313 4500
001 000015718
003 12101
005 20120531150557.0
008 120531s1993 viesd
020 |c 20000đ 
041 0 |a vie 
082 |a 495.1  |b Bat 
245 0 |a Ba trăm lẻ một câu đàm thoại tiếng phổ thông Trung Quốc  |c Hồng Hải(Dịch) 
260 |a Tp.Hồ Chí Minh  |b Tp.Hồ Chí Minh  |c 1993 
300 |a 451 tr.  |c 21 cm 
653 |a Đàm thoại 
653 |a Tiếng Hoa 
653 |a Phổ thông 
700 |a Hồng Hải  |e Dịch 
OWN |a LSP 
AVA |a UDN50  |b LSP  |d 495.1 Bat  |e available  |t Error 5001 Not defined in file expand_doc_bib_avail.  |f 1  |g 0  |h N  |i 0  |k 1 
999 |a From the UDN01 
AVA |a UDN50  |b LSP  |d 495.1 Bat  |e available  |t Error 5001 Not defined in file expand_doc_bib_avail.  |f 1  |g 0  |h N  |i 0  |k 1 
TYP |a Monograph 
TYP |a Printed language 
980 |a Mạng thư viện Đại học Đà Nẵng